000 nam a22 7a 4500
999 _c106048
_d106047
005 20200821122725.0
008 200625b ||||| |||| 00| 0 eng d
020 _a9780143333432
080 _aF
_bBON/RB CL
100 _aBond, Ruskin
245 _aRusty
_bboy from the hills
260 _aIndia
_bPuffin Books
_c2104
300 _a209p.
653 _aFiction - Childrens Literature
942 _cBK